Clubs With Most Players Women's UEFA EURO 2025 - Statistics

General Stats
  • This quiz has been taken 53 times
  • The average score is 15 of 31
Answer Stats
Players Club % Correct
19 Barcelona
100%
16 Chelsea
100%
9 Manchester United
100%
13 Arsenal
95%
18 Bayern Munich
95%
9 Manchester City
95%
10 Real Madrid
93%
8 Paris Saint-Germain
91%
9 OL Lyonnes
86%
14 Juventus
70%
10 Vfl Wolfsburg
66%
4 Tottenham Hotspur
59%
5 AC Milan
57%
8 AS Roma
52%
7 Inter Milan
50%
8 Everton
45%
4 West Ham United
43%
6 Eintracht Frankfurt
41%
5 NJ/NY Gotham FC
30%
4 PSV Eindhoven
30%
6 Leicester City
27%
7 Benfica
25%
4 London City Lionesses
25%
4 Crystal Palace
14%
8 Fiorentina
14%
4 FC Koln
11%
4 Seattle Reign
9%
4 FC Rosengård
7%
4 Hammarby IF
5%
5 SK Brann
5%
5 Sporting CP
2%
No matching quizzes found
Score Distribution
Percent of People with Each Score
Percentile by Number Answered
Your Score History
You have not taken this quiz